00616nam a2200205Ia 4500003000900000008004100009040001300050040001300063041000800076100001900084245005600103250001200159260002100171260000900192300001100201300001000212490001200222490000600234600017000240IT-RoPAU120407s9999 xx 000 0 und d aIT-RoPAU cIT-RoPAU aita aLudger Schenke aGloria e croce. Come è sorto il Vangelo di Marco? aCatania aEdizioni Paoline c1972 a110 p. c16 cm aBiblica v7 a"Tit. orig.:Herrlichkeit und Kreuz. Trad. F. Manci 1. Bibbia , Nuovo Testamento , Vangelo secondo S. Marco I Manci Franco 226 BNI 72-13271"